Les hiboux et chouettes fictifs-ves - Statistiques

Statistiques générales
  • Ce quiz a été pris 30 fois
  • Le résultat moyen est 3 sur 6
Statistiques - réponses
Hibou/Chouette Univers % Correct
Hedwige Harry Potter
100%
Archimède Merlin l'enchanteur
69%
Maitre Hibou Winnie l'ourson
62%
Brindibou Pokémon
52%
Big Mama Rox et Rouky
28%
Soren Les gardiens de Ga'Hoole
24%
Aucun quiz correspondant
Distribution des résultats
% des personnes avec chaque résultat
Percentile par nombre de réponses
Votre historique - résultats
Vous n’avez pas pris ce quiz